Регионална библиотека "Любен Каравелов" - Русе

Тайната от Апамея (Запис номер 474243)

MARC детайли
000 -Лидер
Контролно поле с фиксирана дължина 00940nam a2200265 a 4500
003 - Код на организацията, давaща контролен номер
Контролно поле BLK
005 - Дата и час на последна редакция
Контролно поле 20250726094737.0
008 - Елементи от данни с фиксирана дължина
fixed length control field 201211b bu |||||r|||| 00| | bu d
020 ## - Международен стандартен номер на книга ISBN
Международен стандартен номер на книга ISBN 9789542728399
040 ## - Източник на каталожния запис
Идентификатор на билиотеката - собственик на записа BLK
041 ## - Код за език
Код за езика на текст/звукозапис или на отделно заглавие Български
Код за езика КДБФ Български
080 ## - УДК
Текстов определител УДК Българска литература
УДК код - определител по УДК 821.163.2
УДК определител -312.4
УДК - код + определител 821.163.2-312.4
100 ## - Редна дума - Автор
R(LIN) 394784
Автор Лаптева, Гергана Гришева
Авторска отговорност първи автор
139 ## - Редно поле
Редна дума Лаптева, Гергана Гришева
Авторски знак Лап - Л 24
245 ## - Сведения за заглавието
Заглавие Тайната от Апамея
Подзаглавни данни роман
Редно поле (дума) Гергана Лаптева
260 ## - Област на издателските данни
9 (RLIN) 209434
Място на издаване, разпространение и проч. София
Име на издателя, разпространителя и проч. Егмонт България
Година на издаване 2022
Издателство - префикс ISBN 978-954-27- ; 954-446-
300 ## - Физическа характеристика
Страници 478 с.
Размери/Мащаб 21 см
380 ## - Жанр
Жанр Худож. лит.
500 ## - Общи забележки
Забележка За автора: с. 478.
852 ## - Местоположение
Форматна сигнатура Цб 314585
Фондова буква Хранилище
942 ## - АРТИКУЛИ
Вид на библиотечния материал Книги
Скрит в OPAC Не
Периодичен библиозапис Да
Koha issues (borrowed), all copies 5
944 ## - СЪЗДАВАНЕ И РЕДАКЦИЯ на ЗАПИСА
Създаване/Редакция Създаване
Служител, извършил регистрацията/редакцията 30575
Статус, дата на статуса Мартин Енчев
999 ## - СИСТЕМНИ КОНТРОЛНИ НОМЕРА
Koha biblionumber 474243
Koha biblioitemnumber 474243
999 ## - СИСТЕМНИ КОНТРОЛНИ НОМЕРА
Koha biblioitemnumber 474243
999 ## - СИСТЕМНИ КОНТРОЛНИ НОМЕРА
Koha biblioitemnumber 474243
Наличности
Код за отписване Код за изгубен артикул Източник на класификационната схема Код за повреда Код за отдаване Артикулен № Име на библиотеката - собственик Име на библиотеката, в която се намира в момента Статус (Текущо местоположение) Дата на вписване в системата Местоположение - отдел Цена в лева Систематично азбучна сигнатура Баркод Цена в евро Служебен тип на артикула Инвентарен номер
  Не е изгубен Universal Decimal Classification Не е повреден ползва се в читалня 905700 Регионална библиотека "Любен Каравелов" Русе Регионална библиотека "Любен Каравелов" Русе Хранилище 2022-09-29 Хранилище 19.90 Цб 314585 120000877485 10.17 Книги  
  Не е изгубен Universal Decimal Classification Не е повреден заемане за дома 963977 Регионална библиотека "Любен Каравелов" Русе Регионална библиотека "Любен Каравелов" Русе Заемна - подръчен фонд 2025-03-18 Заемна - подръчен фонд 13.93 821.163.2-31/Л 24 Г 120000918930 7.12 Книги 120000918930
Vip Innovations Ltd, Rousse, Bulgaria 2025